Normal view
MARC view
Entry Personal Name
001 - CONTROL NUMBER
- control field: 64033
003 - CONTROL NUMBER IDENTIFIER
- control field: dpl
005 - DATE AND TIME OF LATEST TRANSACTION
- control field: 20240328104529.0
008 - FIXED-LENGTH DATA ELEMENTS
- fixed length control field: 240328|| aca||aabn | a|a d
040 ## - CATALOGING SOURCE
- Original cataloging agency: dpl
- Transcribing agency: dpl
100 ## - HEADING--PERSONAL NAME
- Personal name: श्रीराम श्रीरंगम
670 ## - SOURCE DATA FOUND
- Source citation: Work cat.: (dpl)201771: श्रीराम श्रीरंगम , भारतीय राजव्यवस्था/, 2022
